000 00929nam2a22002051 4500
001 RU\NLR\A1SV\39525
005 20251203152403.2
035 _a(NLR Aleph) 009721856
090 _a13479843
_c13479843
100 _a20120222d1923 u y0rusy50 ca
101 0 _arus
200 1 _aВодяные клещи или гидракарины (Hidracarina)
215 _a21 с.
461 1 _1001RU\NLR\A1SV\39524
_12000#$aОчерки по биологии паукообразных$fПроф. И.И.Соколов$v1.
_1700#1$aСоколов$bИ.И.$cзоолог$f1885-1972$gИван Иванович
_99876277
_aСоколов, И. И. (зоолог ; 1885-1972)
_cПг.
_d1923
_fПроф. И.И.Соколов
_nТип. им. Володарского
_tОчерки по биологии паукообразных
_v1.
801 0 _aRU
_bNLR
_c20120222
852 _aNLR
_j62-8/2637
942 _cBOOK
980 _aA1SV
980 _aNB